000 00569nam a2200205Ia 4500
003 GCL
008 140319s9999 xx 000 0 ara d
040 _aGCL /
_cGCL
082 0 4 _a813.03
_bن ح
100 1 _aنجيب محفوظ
245 1 0 _aحول شباب والحرية /
_cنجيب محفوظ
260 _a[S.N] :
_bالدار المصرية اللبنانية ،
_c1990
300 _aمتعدد
490 _a
650 0 4 _aالادب
650 0 4 _aالمقالات
650 0 4 _aنجيب محفوظ
650 0 4 _aالمجموعات
942 _2ddc
_cBK
999 _c55406
_d55406